Major League Baseball Players and Their Uniform Numbers - Statistics

General Stats
  • This quiz has been taken 44 times
  • The average score is 9 of 20
Answer Stats
Player Uniform Number % Correct
Phil Rizzuto 10
100%
Pete Rose 14
100%
Shohei Ohtani 17
100%
Tony Gwynn 19
100%
Derek Jeter 2
100%
Roger Clemens (Red Sox & Blue Jays) 21
100%
Clayton Kershaw 22
100%
Willie Mays 24
100%
Jim Thome 25
100%
Dale Murphy 3
100%
Sandy Koufax 32
100%
Phil Niekro 35
100%
Frank Thomas 35
100%
Justin Verlander 35
100%
Lou Gehrig 4
100%
Jackie Robinson 42
100%
Mariano Rivera 42
100%
Reggie Jackson (Yankees and Angels) 44
100%
Hank Aaron 44
100%
Bob Gibson 45
100%
Pedro Martinez 45
100%
Joe Dimaggio 5
100%
Brooks Robinson 5
100%
Ichiro Suzuki 51
100%
Ivan Rodriguez 7
100%
Carlton Fisk (White Sox) 72
100%
Joe Morgan 8
100%
Yogi Berra 8
100%
Roger Maris (Yankees) 9
100%
Reggie Jackson (A's and Orioles) 9
100%
Aaron Judge 99
100%
Alex Rodriguez 13
67%
Bo Jackson 16
67%
Mike Trout 27
67%
Mark "The Bird" Fidrych 20
50%
Warren Spahn 21
50%
Paul O'Neil 21
50%
Wade Boggs 26
50%
Carlton Fisk (Red Sox) 27
50%
Greg Maddux 31
50%
Roy Halliday (Blue Jays) 32
50%
Randy Johnson 51
50%
Craig Biggio 7
50%
Miguel Cabrera 24
33%
Cal Raleigh 29
33%
Willie McCovey 44
33%
Tom Glavine 47
33%
Ozzie Smith 1
0%
Richie Ashburn 1
0%
Lou Whitaker 1
0%
Pee Wee Reese 1
0%
Lefty Grove 10
0%
Chipper Jones 10
0%
Barry Larkin 11
0%
Lefty Gomez 11
0%
Davey Concepcion 13
0%
Ernie Banks 14
0%
Thurmon Munson 15
0%
George Foster 15
0%
Dizzy Dean 17
0%
Bob Feller 19
0%
Robin Yount 19
0%
Cesar Geronimo (Reds) 20
0%
Frank Robinson 20
0%
Don Sutton 20
0%
Mike Schmidt 20
0%
Lou Brock 20
0%
Roberto Clemente 21
0%
Sammy Sosa 21
0%
Jim Palmer 22
0%
Kirk Gibson 23
0%
Tony Perez 24
0%
Ken Griffey Jr. 24
0%
Barry Bonds 25
0%
Catfish Hunter (A's) 27
0%
Bert Blyleven 28
0%
Rod Carew 29
0%
Babe Ruth 3
0%
Harmon Killebrew 3
0%
Jimmie Foxx 3
0%
Alan Trammell 3
0%
Ken Griffey, Sr. 30
0%
Dave Winfield 31
0%
Fergie Jenkins 31
0%
Steve Carlton 32
0%
Eddie Murray 33
0%
Kirby Puckett 34
0%
Nolan Ryan (Astros & Angels) 34
0%
Fernando Valenzuela 34
0%
Rollie Fingers 34
0%
Gaylord Perry 36
0%
Dave Parker 39
0%
Paul Molitor 4
0%
Duke Snider 4
0%
Eddie Matthews 41
0%
Tom Seaver 41
0%
Tug McGraw 45
0%
Albert Pujols 5
0%
George Brett 5
0%
Lou Boudreau 5
0%
Don Drysdale 53
0%
Stan Musial 6
0%
Al Kaline 6
0%
Steve Garvey 6
0%
Mickey Mantle 7
0%
Cal Ripken 8
0%
Willie Stargell 8
0%
Gary Carter 8
0%
Carl Yastrzemski 8
0%
Ted Williams 9
0%
No matching quizzes found
Score Distribution
Percent of People with Each Score
Percentile by Number Answered
Your Score History
You have not taken this quiz